The Price Is Right Games Quiz Stats

 Plays Quiz Updated Sep 28, 2018

Score 0/107 Timer 15:00
0 Plays Today
Pricing Game % Correct
Plinko
95.3%
Hole in One
42.5%
Rat Race
41.6%
Hot Seat
36.2%
Pay the Rent
34.7%
Do the Math
33.8%
Vend-O-Price
32.2%
Double Cross
31.8%
Gridlock!
31.7%
Dice Game
29%
Lucky Seven
26.1%
Golden Road
25%
Finish Line
24.6%
Hi-Lo
24.5%
Switch?
24.4%
Grocery Game
24.2%
Clock Game
24%
Cliff Hangers
23.1%
3 Strikes
22.9%
Bullseye
21.7%
Check Game
20.7%
Flip Flop
20.4%
Any Number
20.3%
Card Game
19.9%
Shell Game
19.9%
Now...or Then
19.3%
Race Game
19.2%
Range Game
19%
Punch-a-Bunch
19%
One Away
17.9%
That's Too Much!
17.8%
Squeeze Play
17.5%
10 Chances
17.4%
Safe Crackers
17.3%
It's in the Bag
17.1%
Pathfinder
17%
Pricing Game % Correct
One Right Price
16.5%
Switcheroo
16.4%
Grand Game
16.2%
Master Key
16.2%
Bargain Game
16.1%
Check-Out
16.1%
Bonkers
16%
Temptation
16%
Half Off
15.8%
Money Game
15.5%
Danger Price
15.5%
Let 'em Roll
15.3%
Spelling Bee
15.3%
Bonus Game
14.7%
Balance Game
14.5%
5 Price Tags
14.5%
Push Over
14.4%
Pick-a-Pair
14.4%
Easy as 1-2-3
14.3%
One Wrong Price
14.2%
Secret X
14%
Double Prices
13.9%
Freeze Frame
13.9%
Cover Up
13.7%
Credit Card
13.6%
Gas Money
13.6%
Most Expensive
13.6%
Coming or Going
13.5%
Poker Game
13.5%
Penny Ante
13.5%
Triple Play
13.3%
Make Your Move
13.3%
Joker
13.1%
Make Your Mark
13%
More or Less
12.9%
Hit Me
12.6%
Pricing Game % Correct
Line 'em Up
12.5%
Super Ball
12.5%
Pass the Buck
12.5%
Magic #
12.4%
Bump
12.4%
Pick-a-Number
12.2%
Buy or Sell
11.9%
Pocket Change
11.8%
Take Two
11.8%
Professor Price
11.8%
Shopping Spree
11.8%
Phone Home Game
11.7%
Add 'em Up
11.5%
Swap Meet
11.5%
Hurdles
11.4%
Stack the Deck
11.2%
2 for the Price of 1
11%
Shower Game
10.9%
On the Spot
10.9%
Trader Bob
10.5%
Give or Keep
10.5%
It's Optional
10.4%
Clearance Sale
10.3%
Walk of Fame
10.3%
On the Nose
10.3%
Time is Money
10.3%
Side by Side
10.2%
Telephone Game
10.2%
Gallery Game
10%
Step Up
9.9%
Fortune Hunter
9.9%
Super Saver
9.7%
Mystery Price
9.7%
Double Digits
9.6%
Split Decision
9.1%

You're not logged in!

Compare scores with friends on all Sporcle quizzes.
OR
Log In

Sporcle TV

Today on Sporcle TV


Watch our educational content, quiz creation guides, and fun videos on Sporcle TV.

Show Comments

Extras

Top Quizzes Today


Score Distribution

Your Account Isn't Verified!

In order to create a playlist on Sporcle, you need to verify the email address you used during registration. Go to your Sporcle Settings to finish the process.

Report this User

Report this user for behavior that violates our Community Guidelines.

Details: